Saber hacer : lengua 8 egb - 1 esb /

Guardado en:
Autor Principal: Seoane, Carolina
Otros Autores: Zunino, Carolina, Roich, Paula, Muschietti, Marcelo
Formato: Libro
Publicado: Buenos Aires : Estrada, 2009
Series:Confluencias
Materias:
Etiquetas: Agregar Etiqueta
Sin Etiquetas, Sea el primero en etiquetar este registro!
LEADER 01267nam a22002895a 4500
001 CEM.cems013491
005 20110303093302.0
008 130507s2009##################000#0#####d
003 CEMS
020 |a 9789500112116 
082 0 4 |a Z468 
100 1 |a Seoane, Carolina 
245 1 0 |a Saber hacer :  |b lengua 8 egb - 1 esb /  |c Carolina Seoane ... [et Al.] 
260 |a Buenos Aires :  |b Estrada,  |c 2009 
300 |a 32 p. 
490 0 |a Confluencias 
500 |a Para nivel Educación Secundaria Básica 
505 0 |a Diccionarios y enciclopedias -- Biografías y entrevistas -- Paratextos -- Hiperónimos y hipónimos -- Campo semántico -- Organizadores textuales -- Palabra clave -- Ideas principales y secundarias -- Resumen -- Resumir información en fichas -- La ficha bibliográfica -- La ficha de citas -- La ficha de lectura -- Organizar la información gráficamente -- Cuadro comparativo -- Cuadro sinóptico -- Informe -- Las partes del informe 
653 |a Lengua 
653 |a Lengua-8º egb 
653 |a Lengua-1º esb 
653 |a Técnicas de estudio 
653 |a Lengua-actividades 
700 1 |a Zunino, Carolina 
700 1 |a Roich, Paula 
700 1 |a Muschietti, Marcelo 
859 |a CEMS  |b BIB. CEMS - 11 de abril  |h Z468  |i Se61-1  |p 26116.11  |t Ej.1  |v 2  |3 2